[Event "Koltsovo op"]
[Site "Koltsovo"]
[Date "2014.07.06"]
[Round "9"]
[White "Melikhov, Daniil"]
[Black "Kornienko, Peter"]
[Result "1/2-1/2"]
[WhiteElo "1754"]
[BlackElo "1812"]
[PlyCount "78"]
[EventDate "2014.06.28"]
[EventType "swiss"]
[EventRounds "9"]
[EventCountry "RUS"]
[SourceTitle "CBM 161 Extra"]
[Source "ChessBase"]
[SourceDate "2014.08.29"]
[SourceVersion "1"]
[SourceVersionDate "2014.08.29"]
[SourceQuality "1"]

1. d4 d5 2. Nf3 Nc6 3. c4 Bg4 4. e3 e5 5. h3 Bxf3 6. Qxf3 Nf6 7. cxd5 Qxd5 8. Qxd5 Nxd5 9. Bb5 Ndb4 10. Na3 exd4 11. exd4 0-0-0 12. 0-0 Nxd4 13. Be3 Nxb5 14. Nxb5 a6 15. Nc3 Nc2 16. Rac1 Nxe3 17. fxe3 f6 18. Rfd1 Bc5 19. Kf2 Rhe8 20. Rxd8+ Rxd8 21. Ne4 Bb6 22. Ke2 Kb8 23. Ng3 Rd5 24. Rc4 Ra5 25. Rg4 Rb5 26. b3 g6 27. Rh4 h5 28. Re4 Kc8 29. Re6 Re5 30. Rxe5 fxe5 31. Kd3 Kd7 32. Ke4 Ke6 33. Nf1 Ba5 34. Nh2 c6 35. Nf3 Bc7 36. g4 hxg4 37. hxg4 Bd6 38. g5 b5 39. Nh4 Kf7 1/2-1/2